| 000 | 00000nam##2200000za#4500 |
| 001 | 9.569537 |
| 003 | CaOODSP |
| 005 | 20210624181820 |
| 007 | cr ||||||||||| |
| 008 | 150406|2003||||xxc|||||o f|0| 0 eng|d |
| 040 | |aCaOODSP|beng |
| 043 | |an-cn--- |
| 086 | 1 |aNH18-1/14-2003E-PDF |
| 110 | 2 |aCanada Mortgage and Housing Corporation. |
| 245 | 10|aHousing options for elderly or chronically ill shelter users : |h[electronic resource]|bfinal report / |cby Luba Serge and Nancy Gnaedinger. |
| 260 | |aOttawa - Ontario : |bCanada Mortgage and Housing Corporation |c2003. |
| 300 | |a112p.|btable |
| 490 | 1 |aResearch report |
| 504 | |aBibliography. |
| 590 | |a11-08-Supp|b2011-06-16 |
| 720 | 1 |aGnaedinger, Nancy |
| 720 | 1 |aSerge, Luba |
| 775 | 08|tOptions de logement pour les personnes âgées ou atteintes d'une maladie chronique ayant recours aux refuges pour sans-abri : |w(CaOODSP)9.600632 |
| 830 | #0|aResearch report (Canada Mortgage and Housing Corporation : Online)|w(CaOODSP)9.506068 |
| 856 | 40|ahttp://publications.gc.ca|qPDF|s380 KB|uhttps://publications.gc.ca/collections/collection_2011/schl-cmhc/nh18-1/NH18-1-14-2003-eng.pdf |